鉄道博物館を運営している鉄道会社 - Statistics

General Stats
  • This quiz has been taken 89 times
  • The average score is 21 of 28
Answer Stats
博物館名 運営者 % Correct
青梅鉄道公園 公益財団法人東日本鉄道文化財団
100%
鉄道博物館 公益財団法人東日本鉄道文化財団
100%
東武博物館 一般財団法人東武博物館
100%
事故の歴史展示館 JR東日本総合研修センター
100%
都電おもいで広場 東京都交通局
99%
京都鉄道博物館 公益財団法人交通文化振興財団
99%
京急ミュージアム 京浜急行電鉄
99%
津山まなびの鉄道館 公益社団法人津山市観光協会
99%
鉄道安全考動館 西日本旅客鉄道
99%
ロマンスカーミュージアム 株式会社小田急エージェンシー
99%
京王資料館 京王電鉄
97%
京王れーるランド 京王電鉄
97%
横浜市電保存館 一般財団法人横浜市交通局協力会
96%
リニア・鉄道館 東海旅客鉄道
96%
九州鉄道記念館 九州鉄道記念館運営共同企業体
95%
札幌市交通資料館 札幌市交通事業振興公社
95%
地下鉄博物館 公益財団法人メトロ文化財団
91%
北海道鉄道技術館 北海道旅客鉄道
90%
坊っちゃん列車ミュージアム 伊予鉄グループ
77%
電車とバスの博物館 東急電鉄
60%
SANZEN-HIROBA 京阪流通システムズ
55%
手柄山交流ステーション 姫路市
38%
SLキューロク館 真岡鐵道
28%
ジオラマ京都JAPAN 嵯峨野観光鉄道
27%
19世紀ホール 嵯峨野観光鉄道
27%
レトロでんしゃ館 名古屋市交通局
24%
貨物鉄道博物館 三岐鉄道
18%
南薩鉄道記念館 鹿児島交通
18%
No matching quizzes found
Score Distribution
Percent of People with Each Score
Percentile by Number Answered
Your Score History
You have not taken this quiz